Miasta na literę G w mazowszu - Statystyki

Ogólne statystyki
  • Ten quiz został rozwiązany 29 razy
    19 od ostatniego zresetowania
  • Średni wynik to 5 z 9
Statystyki odpowiedzi
Populacja Miasto % Poprawnych
17 310 Garwolin
86%
34 448 Grodzisk Mazowiecki
86%
16 893 Grójec
71%
17 201 Gostynin
64%
4097 Gąbin
50%
11 807 Góra Kalwaria
50%
2809 Glinojeck
36%
825 Głowaczów
29%
779 Gielniów
21%
Nie znaleziono quizów pasujących do podanych kryteriów
Rozkład punktacji
Procent ludzi z każdym wynikiem
Percentyl według liczby udzielonych odpowiedzi
Twoja historia wyników
Nie rozwiązałeś tego quizu od ostatniego zresetowania